000 01160cad a22002175a 4500
001 E147840
008 090623s2009 xxk f 000 0 eng d
035 _a(Sirsi) u147840
041 0 _aeng
050 0 4 _a690.241 $2 18
110 2 _aEnglish Heritage
_92714
245 0 0 _aConservation areas at risk
_bEnglish Heritage survey results
_h[electronic resource]
260 _aLondon
_bEnglish Heritage
_c2009
520 _aPresents the latest edition of English Heritage's annual Heritage at Risk register, which provides information on conservation areas for the first time. Shows that 1 in 7 conservation areas is at risk through changes such as plastic windows and doors, satellite dishes and loss of front gardens, as well as neglect and decay. Further information can also be found on the Heritage at Risk website (see L144662).
521 _aIntroductory
590 _aKA NTK
651 4 _aEngland
_y886-
690 _aBUILT ENVIRONMENT-BUILDING TYPES-ANCIENT MONUMENTS AND HISTORIC BUILDINGS
856 4 0 _uhttps://www.english-heritage.org.uk/server/show/ConWebDoc.16634
_zView the report free of charge at www.english-heritage.org.uk...
942 _n0
999 _c109744
_d109744